00600pab a2200181 454500008004000000100001900040245006500059260000900124300001300133362001100146650005300157650003600210773003400246908000600280909001000286999001700296952010500313180718b2010 xxu||||| |||| 00| 0 eng d aGowda, Chandan aAdvance Mysore!: The cultural logic of a developmental state c2010 ap.88-95. a17 Jul aEconomic and social development - India - Mysore aEconomic and social development aEconomic and Political Weekly aN a87171 c87171d87171 00104070aIIPAbIIPAd2018-07-19hVolume no: 45, Issue no: 29pAR87631r2018-07-19w2018-07-19yAR